Role of compatibilization in polymer nanocomposites (Record no. 67158)

MARC details
000 -LEADER
fixed length control field 00375nam a2200133Ia 4500
100 ## - MAIN ENTRY--AUTHOR NAME
Personal name Kroshefsky Robert D.
245 #0 - TITLE STATEMENT
Title Role of compatibilization in polymer nanocomposites
260 ## - PUBLICATION, DISTRIBUTION, ETC. (IMPRINT)
Name of publisher Rubber Chemistry and Technology
Year of publication 2009
300 ## - PHYSICAL DESCRIPTION
Number of Pages 340-368
700 ## - ADDED ENTRY--PERSONAL NAME
Personal name Mangaraj Duryodhan
700 ## - ADDED ENTRY--PERSONAL NAME
Personal name Price Jack L.
942 ## - ADDED ENTRY ELEMENTS (KOHA)
Koha item type Journals
Holdings
Withdrawn status Lost status Damaged status Not for loan Home library Current library Date acquired Serial Enumeration / chronology Koha item type
      Journals RRII Library RRII Library 01/01/2010 Volume 82, Issue 3 Journals